000 00688nam a2200289Ia 4500
005 20260324135603.0
008 008 260324s9999 xx 000 0 eng d
020 _a9781315251615
037 _aEBOOK
040 _aCRL
040 _beng
040 _cCRL
041 _2eng
041 _aeng
084 _qCRL
100 _aDorothy L. Latz
_91201150
245 0 _aJane Owen
245 0 _bPrinted Writings 1500–1640: Series I, Part Two, Volume 9
260 _bTaylor and Francis
260 _c2000
365 _a
365 _b145
856 _uhttp://www.taylorfrancis.com/books/9781315251615
942 _cEBOOK
999 _c1802387
_d1802387